LIBRARY ONLINE CATALOGUE

Projects : (Record no. 19540)

MARC details
000 -LEADER
fixed length control field 00686cam a22002292 4500
001 - CONTROL NUMBER
control field 0000018880
003 - CONTROL NUMBER IDENTIFIER
control field OSt
005 - DATE AND TIME OF LATEST TRANSACTION
control field 20220922145907.0
008 - FIXED-LENGTH DATA ELEMENTS--GENERAL INFORMATION
fixed length control field 100811s xx 000 0 eng d
020 ## - INTERNATIONAL STANDARD BOOK NUMBER
International Standard Book Number 8194113830
040 ## - CATALOGING SOURCE
Original cataloging agency KABU
Transcribing agency KABU
050 #0 - LIBRARY OF CONGRESS CALL NUMBER
Classification number HD69
Item number .P75C43 2019
100 1# - MAIN ENTRY--PERSONAL NAME
Personal name Chandra, Prasanna.
245 10 - TITLE STATEMENT
Title Projects :
Remainder of title planning, analysis, selection, financing, implementation and review /
Statement of responsibility, etc. Prasanna Chandra.
250 ## - EDITION STATEMENT
Edition statement 9th ed.
260 ## - PUBLICATION, DISTRIBUTION, ETC. (IMPRINT)
Place of publication, distribution, etc. New Delhi :
Name of publisher, distributor, etc. Tata McGraw-Hill,
Date of publication, distribution, etc. 2019
300 ## - PHYSICAL DESCRIPTION
Extent various paging.
650 #0 - SUBJECT ADDED ENTRY--TOPICAL TERM
Topical term or geographic name as entry element Project management.
908 ## - PUT COMMAND PARAMETER (RLIN)
Put command parameter 100811
942 ## - ADDED ENTRY ELEMENTS (KOHA)
Source of classification or shelving scheme Library of Congress Classification
Koha item type General Collection
Holdings
Withdrawn status Lost status Source of classification or shelving scheme Not for loan Home library Current library Date acquired Cost, normal purchase price Total Checkouts Full call number Barcode Date last seen Price effective from Koha item type
    Library of Congress Classification   Kabarak, Main Campus Kabarak, Main Campus 22/09/2022 3972.00   HD69 .P75C43 2019 c.1 031978 02/08/2024 22/09/2022 General Collection
    Library of Congress Classification   Kabarak, Main Campus Kabarak, Main Campus 22/09/2022 3972.00   HD69 .P75C43 2019 c.2 031979 02/08/2024 22/09/2022 General Collection
    Library of Congress Classification   Kabarak, Nakuru City Campus Kabarak, Nakuru City Campus 22/09/2022 3972.00   HD69 .P75C43 2019 c.1 031980 22/09/2022 22/09/2022 General Collection